| 000 | 00511nam a2200193Ia 4500 | ||
|---|---|---|---|
| 003 | GCL | ||
| 008 | 140319s9999 xx 000 0 eng d | ||
| 020 | _a09111198 | ||
| 040 |
_aGCL / _cGCL |
||
| 082 | 0 | 4 |
_a303.625 _bM T |
| 100 | 1 | _aMOHAMMAD T.MEHDI | |
| 245 | 1 | 0 |
_aTERRORISM : _bWHY AMERICA IS THE TARGET / _cMOHAMMAD T.MEHDI |
| 260 |
_a[S.N] : _bNEW WORLD PRESS ، _c1988 |
||
| 300 |
_a20 CM ؛ _c127 P |
||
| 650 | 0 | 4 | _aWAR |
| 650 | 0 | 4 | _aTERRORISM |
| 650 | 0 | 4 | _aTERRORISM - UNITED STATES |
| 942 |
_2ddc _cBK |
||
| 999 |
_c4766 _d4766 |
||